Nightmare Lake / (Record no. 53942)
[ view plain ]
| 000 -LEADER | |
|---|---|
| fixed length control field | 00695nam a22002057a 4500 |
| 005 - DATE AND TIME OF LATEST TRANSACTION | |
| control field | 20250605150333.0 |
| 008 - FIXED-LENGTH DATA ELEMENTS--GENERAL INFORMATION | |
| fixed length control field | 250605b |||||||| |||| 00| 0 eng d |
| 020 ## - INTERNATIONAL STANDARD BOOK NUMBER | |
| International Standard Book Number | 0440959454 |
| 040 ## - CATALOGING SOURCE | |
| Original cataloging agency | BSOP |
| 041 ## - LANGUAGE CODE | |
| Language code of text/sound track or separate title | English |
| 050 ## - LIBRARY OF CONGRESS CALL NUMBER | |
| Classification number | FIC |
| -- | L45m |
| -- | 1983 |
| 100 ## - MAIN ENTRY--PERSONAL NAME | |
| Personal name | Laymon, Carl |
| 245 ## - TITLE STATEMENT | |
| Title | Nightmare Lake / |
| Statement of responsibility, etc | Carl Laymon. |
| 264 ## - PRODUCTION, PUBLICATION, DISTRIBUTION, MANUFACTURE STATEMENTS | |
| Place of production, publication, distribution, manufacture | New York, USA: |
| Name of producer, publisher, distributor, manufacturer | <a href="Dell Publishing,">Dell Publishing,</a> |
| Date of production, publication, distribution, manufacture | 1983. |
| 300 ## - PHYSICAL DESCRIPTION | |
| Extent | 146p. ; |
| Dimensions | 17cm. |
| 440 ## - SERIES STATEMENT/ADDED ENTRY--TITLE | |
| Title | Nightmare Lake |
| 520 ## - SUMMARY, ETC. | |
| Summary, etc | It started off as a family vacation, but when Burt and his sister Sammi discover the remains of a human skeleton hidden in the woods, it's just the beginning of the horror... |
| 650 ## - SUBJECT ADDED ENTRY--TOPICAL TERM | |
| Topical term or geographic name as entry element | Fiction, Horror, Young Adult |
| 942 ## - ADDED ENTRY ELEMENTS (KOHA) | |
| Source of classification or shelving scheme | Library of Congress Classification |
| Item type | Books |
| Withdrawn status | Lost status | Source of classification or shelving scheme | Damaged status | Not for loan | Home library | Current library | Shelving location | Date acquired | Source of acquisition | Inventory number | Total Checkouts | Full call number | Barcode | Date last seen | Price effective from | Koha item type |
|---|---|---|---|---|---|---|---|---|---|---|---|---|---|---|---|---|
| Library of Congress Classification | BSOP Library | BSOP Library | Fiction | 06/05/2025 | Donation | 48754 | FIC L45n | 00061575 | 06/05/2025 | 06/05/2025 | Books |
